Statistiken für Verpixelte LoL Charaktere

Klicken Sie hier um das Quiz zu spielen!

Allgemein

  • Dieses Quiz wurde 1.137 mal gespielt
  • Das Durchschnittsergebnis liegt bei 20 aus 23

Antwortstatistiken

Antwort% Korrekt
Jinx
98%
Anivia
94%
Morgana
94%
Annie
93%
Zoe
93%
Zac
92%
Kha'Zix
91%
Seraphine
91%
Vel'Koz
91%
Yone
91%
Elise
90%
Janna
89%
Thresh
89%
Karthus
88%
Nocturne
88%
Ornn
88%
Twitch
88%
Bard
87%
Riven
83%
Teemo
81%
Leona
72%
Brand
70%
Master Yi
69%

Verteilung der Resultate

Perzentil nach korrekt beantworteten Fragen

Anzahl Personen mit jedem Resultat

Ihre Resultats-Entwicklung

Sie haben dieses Quiz noch nicht gespielt